|
|
|
|
| LEADER |
01118nam a22002652a 4500 |
| 001 |
000219459 |
| 003 |
CZ BrMZK |
| 005 |
20110322182903.0 |
| 007 |
ta |
| 008 |
010907s1862 xr f cze d |
| 015 |
|
|
|a cnb001071275
|
| 040 |
|
|
|a BOA001
|b cze
|
| 100 |
1 |
|
|a Sušil, František,
|d 1804-1868
|7 jk01121806
|4 aut
|
| 245 |
1 |
0 |
|a Sebrané básně /
|c František Sušil
|
| 260 |
|
|
|a Brno :
|b A. Nitsch,
|c 1862
|
| 300 |
|
|
|a 230 s.
|
| 500 |
|
|
|a Dostupné též v digitalni podobě v aplikaci Kramerius
|
| 856 |
4 |
|
|u http://kramerius.nkp.cz/kramerius/handle/ABA001/183541
|y Digitalizovaný dokument
|
| 910 |
|
|
|a BOA001
|b 2-0014.236
|k k
|
| 964 |
|
|
|a Moravika - stol. 19.
|
| 990 |
|
|
|a BK
|
| 996 |
6 |
|
|b 2619219065
|c 2-0014.236
|l MZK
|r Sklad / do 24 hodin
|n 1
|p Odkyseleno 2011
|w 000219459
|u 000030
|a 1
|e BOA001
|j MZK50
|s P
|
| 996 |
6 |
|
|b 2619233089
|c 2-0014.236
|l MZK
|r Sklad / do 24 hodin
|n 1
|w 000219459
|u 000040
|a 1
|e BOA001
|j MZK50
|s P
|
| 996 |
6 |
|
|b 2619707389
|c 2-0014.236
|l MZK
|r Sklad / do 24 hodin
|n 2
|w 000219459
|u 000020
|a 1
|e BOA001
|j MZK50
|s P
|
| 996 |
6 |
|
|b 2619919798
|c 2-0014.236
|l MZK
|r Sklad / do 24 hodin
|n 4
|w 000219459
|u 000010
|a 1
|e BOA001
|j MZK50
|s P
|